000 00675cad a22001935a 4500
001 L157022
008 120814s2012 xxkqr p 0 a0eng u
035 _a(Sirsi) u157022
041 0 _aeng
110 2 _aCMS Cameron McKenna
_95874
245 0 4 _aThe Bribery Act's first year
_h[electronic resource]
260 _a[S.l.]
_bCMS Cameron McKenna LLP
_c2012
520 _aLooks at the impact of the Bribery Act and the changes it will cause.
590 _aKA NTK
651 4 _aUnited Kingdom
_y
690 _aConstruction management
_96230
856 4 0 _uhttps://www.law-now.com/cmck/pdfs/secured/Briberypdf.PDF
_zView the paper free of charge at www.law-now.com
942 _n0
999 _c114544
_d114544